NRL quiz - Statistics

General Stats
  • This quiz has been taken 14 times
    13 since last reset
  • The average score is 12 of 20
Answer Stats
Question Answer % Correct
What is josh Addo-Carr's nickname The foxx
100%
What are the two main colors of the rabbitohs Red & Green
92%
Who are the only team to have ever been stripped of an NRL premiership title(s)? Melbourne Storm
83%
Who is (set to be) the perth bears number 7 Toby Sexton
83%
Where are the warriors based Auckland
75%
Which of these is not the name of one of the katoa brothers Finau
75%
What position is played by the person who wears the number 13 Lock
75%
Which team plays home games at Leichhardt Oval Wests Tigers
75%
What is the name of the fiji international rugby league team Bati
67%
Which team does Russell Crowe co-own? South Sydney Rabbitohs
67%
What is the name of the papua new guinea international rugbyleague team Kumuls
58%
Which of these is NOT a team that has been part of the all stars games? Pasifika All Stars
58%
Whats the name of the lebanon international rugbyleague team Cedars
50%
Which coach pressured medical staff into using a staple gun to close Michael de Vere's bleeding wound during an origin match in 2003 Gus Gould
50%
Which former warriors player intentionally pissed himself on the field right before kick off Russell Packer
50%
Which former dragons player and kiwis international has the nickname "the gypsy" Jason Nightingale
42%
Who was stripped of the auckland nines title against in 2016 for cap breaches Parramatta Eels
42%
Which city in New zealand is Benji Marshall from Whakatane
42%
Which mascot was sent off the field for joining a brawl between players? Stanley the Steel Avenger
33%
Which of these players has won a premiership (with the Roosters), dally m fullback, captain and player of the year and a golden boot during their career Roger Tuivasa-Sheck
8%
No matching quizzes found
Score Distribution
Percent of People with Each Score
Percentile by Number Answered
Your Score History
You have not taken this quiz since the last reset